| 000 | 01841nam a2200241Ia 4500 | ||
|---|---|---|---|
| 999 |
_c54867 _d54867 |
||
| 001 | 21936 | ||
| 003 | GE_BSU | ||
| 005 | 20220830122941.0 | ||
| 008 | 181216s ||||ge |||||||||||||| ||geo|| | ||
| 040 | _cGE_BSU | ||
| 041 | _ageo | ||
| 080 | _a821.353.1-391 ი-33 | ||
| 245 |
_aიგავ-არაკები / _cძვ. ქართ. თარგმანიდან გადმოაკეთეს და დაამუშავეს ე. გიუნაშვილმა და ზ. კალანდაძემ ; რედ. მანანა ზუბადაშვილი ; მხატვ. მ. ჯაბუა. |
||
| 264 |
_aთბილისი : _bნაკადული, _c1986. |
||
| 300 |
_a151 გვ. ; _c16 სმ. |
||
| 500 | _aიგავ-არაკი არის ლირიკულ-ეპიკური ჟანრის ნაწარმოები, ზნეობრივ დამრიგებლური ხასიათის თხზულება. მისი გმირები არიან ცხოველები, მცენარეები, საგნები, მაგრამ იგულისხმებიან ადამიანები. საფუძვლად უდევს შედარება. ახასიათებს ნართაული თქმა, ალეგორიულობა, სატირულ-იუმორისტული ხასიათისაა. | ||
| 541 | _h3ლ. | ||
| 653 | _aიგავ-არაკები | ||
| 653 | _aქართული ლიტერატურა | ||
| 700 |
_aზუბადაშვილი, მანანა _eრედაქტორი _914558 |
||
| 700 |
_aჯაბუა, მ. _eმხატვარი _95766 |
||
| 942 |
_cBK _2udc |
||